00397pab a2200133 454500008004000000100002600040245008600066260000900152300001500161362000800176650002600184650001800210773003500228180718b2011 xxu||||| |||| 00| 0 eng d aKremer, Michael et al aSpring cleaning: Rural water impacts, valuation, and property rights institutions c2011 ap.145-205. aFeb aRight of the property aWater quality aQuarterly Journal of Economics